Регионална библиотека "Любен Каравелов" - Русе

Лумумба (Запис номер 453813)

MARC детайли
000 -Лидер
Контролно поле с фиксирана дължина nam a22 a 4500
003 - Код на организацията, давaща контролен номер
Контролно поле BLK
005 - Дата и час на последна редакция
Контролно поле 20220420122227.0
008 - Елементи от данни с фиксирана дължина
fixed length control field 200311b bul|||||r ||||||| ||bul||
040 ## - Източник на каталожния запис
Идентификатор на билиотеката - собственик на записа BLK
041 ## - Код за език
Код за езика на текст/звукозапис или на отделно заглавие Български
Код за езика КДБФ Български
080 ## - УДК
Текстов определител УДК Политика
УДК код - определител по УДК 32
УДК определител (672.4)(092)
УДК - код + определител 32(672.4)(092)
080 ## - УДК
Текстов определител УДК Конгоанския политик (1925-1961)
УДК код - определител по УДК 929 Лумумба, Патрис
УДК - код + определител 929 Лумумба, Патрис
100 ## - Редна дума - Автор
Автор Мишел, Серж
Авторска отговорност първи автор
R(LIN) 1299
139 ## - Редно поле
Редна дума Мишел, Серж
245 10 - Сведения за заглавието
Заглавие Лумумба
Подзаглавни данни [Биогр. очерк]
Редно поле (дума) Серж Мишел; прев. от фр. Дора Попова
257 ## - Страна на издаване
Страна на създаване/издаване България
260 ## - Област на издателските данни
Място на издаване, разпространение и проч. София
Име на издателя, разпространителя и проч. НС ОФ
Година на издаване 1964
9 (RLIN) 216848
300 ## - Физическа характеристика
Страници 204 с.
Размери/Мащаб 25 см
380 ## - Жанр
Жанр Обществени науки
500 ## - Общи забележки
Забележка 10 162 тир.
600 #0 - Име на лице, използвано като предмет
За него / За нея Лумумба, Патрис
9 (RLIN) 473476
651 #7 - Допълнително описание по предмет - топоним
9 (RLIN) 179056
Географско понятие Конго
700 ## - Други автори (авторска отговорност)
Лично име Попова, Дора Николова
Автороска отговорност (Описва отношението между автора и произведението) прев. от фр.
9 (RLIN) 245076
852 ## - Местоположение
Форматна сигнатура Цб 31258
Фондова буква Хранилище
999 ## - СИСТЕМНИ КОНТРОЛНИ НОМЕРА
Koha biblionumber 453813
Koha biblioitemnumber 453813
942 ## - АРТИКУЛИ
Вид на библиотечния материал Книги
Скрит в OPAC Не
Периодичен библиозапис Да
944 ## - СЪЗДАВАНЕ И РЕДАКЦИЯ на ЗАПИСА
Създаване/Редакция Създаване
Дата на регистрацията/редакция 2022-04-20
Служител, извършил регистрацията/редакцията Микаела Микова-Илиева
999 ## - СИСТЕМНИ КОНТРОЛНИ НОМЕРА
Koha biblioitemnumber 375080
Наличности
Код за отписване Код за изгубен артикул Източник на класификационната схема Код за повреда Коз за рестрикции Код за отдаване Артикулен № Име на библиотеката - собственик Име на библиотеката, в която се намира в момента Статус (Текущо местоположение) Дата на вписване в системата Местоположение - отдел Цена в лева Инвентарен номер Систематично азбучна сигнатура Баркод Цена в евро Служебен тип на артикула
  Не е изгубен Universal Decimal Classification Не е повреден само за читалня ползва се в читалня 882759 Регионална библиотека "Любен Каравелов" Русе Регионална библиотека "Любен Каравелов" Русе Хранилище 2022-04-28 Хранилище 0.52 15331/64 Цб 31258 900000094103 0.27 Книги
Vip Innovations Ltd, Rousse, Bulgaria 2025